000
00316nam a2200133Ia 4500
008
240624s9999 xx 000 0 und d
041
_a
eng
082
_a
823 HAR
100
_a
HARRIS JOANNE
245
_a
LOLLIPOP SHOES
260
_c
2008
_a
New Delhi
_b
Doubleday
300
_a
587 : p. : cm. ; 22
365
_c
BPS
_b
20
999
_c
11794
_d
11794